Wszystkie przystanki tramwajowe w Krakowie (z mapą) - Statystyki

Ogólne statystyki
  • Ten quiz został rozwiązany 2 869 razy
    1 461 od ostatniego zresetowania
  • Średni wynik to 91 z 175
Odpowiedzi na mapie
Odpowiedzi zakodowano w zielono-czerwonej skali na mapie do tego quizu, zgodnie z poniższymi procentami.
 
Statystyki odpowiedzi
Przystanek % Poprawnych
Bronowice
90%
Teatr Słowackiego
89%
Rondo Mogilskie
88%
Teatr Bagatela
86%
Bronowice Małe
83%
Poczta Główna
83%
Rondo Grzegórzeckie
83%
Czerwone Maki
82%
Stary Kleparz
82%
Borek Fałęcki
80%
Łagiewniki
80%
Górka Narodowa
79%
Nowy Kleparz
79%
Salwator
79%
Wawel
79%
Mistrzejowice
78%
Politechnika
78%
Cichy Kącik
77%
Dworzec Towarowy
77%
Lubicz
77%
Plac Inwalidów
77%
Dworzec Główny Tunel
76%
Krowodrza Górka
76%
Mały Płaszów
76%
Dworzec Główny Zachód
75%
Starowiślna
75%
Kurdwanów
74%
Plac Wszystkich Świętych
73%
Prokocim
73%
Rondo Grunwaldzkie
73%
Stradom
73%
Filharmonia
71%
Cmentarz Rakowicki
70%
Korona
70%
Muzeum Narodowe
70%
Nowy Bieżanów
69%
Rondo Matecznego
69%
Jubilat
68%
UJ / AST
68%
UKEN
67%
Wzgórza Krzesławickie
67%
Biprostal
66%
Kabel
65%
Plac Centralny
65%
Rondo Czyżyńskie
64%
Stefana Batorego
64%
Świętej Gertrudy
64%
Wesele
64%
Bronowice SKA
63%
Ruczaj
62%
Szpital Narutowicza
62%
Teatr Variete
62%
Hala Targowa
61%
Miodowa
61%
Osiedle Piastów
61%
Plac Bohaterów Getta
61%
Dąbie
60%
Plac Wolnica
60%
Pleszów
60%
Podgórze SKA
60%
Bratysławska
59%
Solvay
59%
Kopiec Wandy
59%
Rondo Hipokratesa
59%
TAURON Arena Kraków Wieczysta
59%
Kampus UJ
58%
Bieżanowska
57%
Cystersów
57%
Czyżyny
57%
Kapelanka
57%
Park Jordana
57%
Urzędnicza
57%
Zabłocie
57%
Dauna
56%
Kombinat
56%
Prokocim Szpital
56%
Rondo Kocmyrzowskie
56%
Uniwersytet Ekonomiczny
56%
Białucha
55%
Orzeszkowej
55%
AKF / PK
54%
Meksyk
54%
Nullo
54%
Pędzichów
54%
Szwedzka
54%
Łagiewniki SKA
53%
Świętego Wawrzyńca
52%
DH Wanda
51%
Głowackiego
51%
Lipska
51%
Ofiar Dąbia
51%
Łagiewniki ZUS
50%
Reymana
50%
Smolki
50%
Cmentarz Podgórski
49%
Osiedle Kolorowe
49%
Oleandry
48%
Papierni Prądnickich
48%
Zajezdnia Nowa Huta
47%
Limanowskiego
47%
Dworzec Płaszów Estakada
46%
Grota Roweckiego
46%
Kuklińskiego
46%
Norymberska
46%
Stella Sawickiego
46%
Kobierzyńska
44%
Brama nr 4
43%
Brama nr 5
43%
Brożka
43%
Dajwór
42%
Elektromontaż
42%
Klimeckiego
42%
Koksochemia
42%
Muzeum Lotnictwa Polskiego
42%
Ogród Doświadczeń
42%
Zalew Nowohucki
42%
Dworcowa
41%
Komorowskiego
41%
Nowosądecka
41%
Rondo 308 Dywizjonu
41%
Sanktuarium Bożego Miłosierdzia
41%
Bieńczycka
40%
Bociana
40%
Kuźnicy Kołłątajowskiej
40%
Muzeum Fotografii
40%
Pachońskiego
40%
Słomiana
40%
Teatr Ludowy
40%
Teligi
40%
Fabryczna
39%
Lipińskiego
39%
Rondo Barei
39%
Rzemieślnicza
39%
Borsucza
38%
Wlotowa
38%
Jarzębiny
37%
Miśnieńska
37%
Kampus UP
36%
Park Wodny
36%
Piaski Nowe
36%
Rondo Młyńskie
36%
Siewna Wiadukt
36%
TAURON Arena Kraków Al. Pokoju
36%
Witosa
36%
Bardosa
35%
Kościuszkowców
34%
Struga
34%
Ćwiklińskiej
33%
Gromadzka
32%
Nowy Prokocim
32%
Piasta Kołodzieja
32%
Rzebika
31%
Białoprądnicka
30%
Klasztorna
30%
Meissnera
30%
Suche Stawy
30%
Darwina
29%
Rondo Piastowskie
29%
Rondo Polsadu
29%
Osiedle Złotego Wieku
28%
Turowicza
28%
Osiedle Zgody
27%
Dunikowskiego
26%
Grodzki Urząd Pracy
26%
Kleeberga
26%
Osiedle Na Skarpie
25%
Wańkowicza
25%
Gałczyńskiego
24%
Cienista
21%
Fort Mogiła
21%
Giedroycia
21%
Górnickiego
21%
Pszona
18%
Kurzei
16%
Marchołta
15%
Nie znaleziono quizów pasujących do podanych kryteriów
Rozkład punktacji
Procent ludzi z każdym wynikiem
Percentyl według liczby udzielonych odpowiedzi
Twoja historia wyników
Nie rozwiązałeś tego quizu od ostatniego zresetowania